Dies Moulds and Jigs (Record no. 24724)

MARC details
000 -LEADER
fixed length control field 00436nam a2200181Ia 4500
008 - FIXED-LENGTH DATA ELEMENTS--GENERAL INFORMATION
fixed length control field 090122s9999 xx 000 0 und d
082 ## - DEWEY DECIMAL CLASSIFICATION NUMBER
Item number 646
Classification number D6
100 ## - MAIN ENTRY--PERSONAL NAME
Personal name Vladimlrov
Numeration V
245 ## - TITLE STATEMENT
Title Dies Moulds and Jigs
260 ## - PUBLICATION, DISTRIBUTION, ETC. (IMPRINT)
Name of publisher, distributor, etc "MIR PUBLICATION,S MOSCOW"
Date of publication, distribution, etc 1977
300 ## - PHYSICAL DESCRIPTION
Extent 468
501 ## - WITH NOTE
With note --
600 ## - SUBJECT ADDED ENTRY--PERSONAL NAME
Personal name Vladimlrov
630 ## - SUBJECT ADDED ENTRY--UNIFORM TITLE
Uniform title Dies Moulds and Jigs
700 ## - ADDED ENTRY--PERSONAL NAME
Personal name Vladimlrov
730 ## - ADDED ENTRY--UNIFORM TITLE
Uniform title Dies Moulds and Jigs
942 ## - ADDED ENTRY ELEMENTS (KOHA)
Koha item type Book
Holdings
Withdrawn status Lost status Damaged status Not for loan Home library Current library Date acquired Source of acquisition Cost, normal purchase price Total Checkouts Full call number Barcode Date last seen Copy number Cost, replacement price Price effective from Koha item type
        Dombivali Granthasangrahalaya, Dombivali Dombivali Granthasangrahalaya, Dombivali 01/22/2009 -- 0.00   646 DOM-646 01/22/2009 1 0.00 01/22/2009 Book